header

Dredging coastal ports (Record no. 46851)

MARC details
000 -LEADER
fixed length control field 01253nam a2200289Ia 4500
245 10 - TITLE STATEMENT
Title Dredging coastal ports
260 ## - PUBLICATION, DISTRIBUTION, ETC. (IMPRINT)
Place of publication Washington, D.C. :
Name of publisher National Academy Press,
Year of publication 1985.
300 ## - PHYSICAL DESCRIPTION
Number of Pages x, 212 p. :
Other physical details ill.
650 #0 - SUBJECT ADDED ENTRY--TOPICAL TERM
Topical Term Harbors
Topical Term Dredging
Topical Term Coasts
856 40 - ELECTRONIC LOCATION AND ACCESS
Uniform Resource Identifier http://site.ebrary.com/lib/rucke/Doc?id=10062782

No items available.

© 2026 Rongo University
Contact us: librarian | system librarian | Rongo university